Plan de manejo ambiental (Registro nro. 4041)

Detalles MARC
000 -CABECERA
Campo de control 00589nam a2200193 a 4500
005 - FECHA Y HORA DE LA ULTIMA TRANSACCION
Campo de control 20180803165140.0
008 - ELEMENTOS DE LONGITUD FIJA—INFORMACION GENERAL
Campo de control 140313t2001 ck ||||gr|||| 00| 0 spa d
040 ## - FUENTE DE CATALOGACIÓN
Agencia catalogadora original CO-BoIAVH
Agencia transcriptora CO-BoIAVH
041 ## - IDIOMA
Código de idioma para texto/pista de sonido o título separado Español
044 ## - PAÍS DE PUBLICACIÓN
País de publicación Colombia
082 #4 - NUMERO DE CLASIFICACION DECIMAL DEWEY
Número de clasificación 622.334
Número del ítem P69p
245 1# - MENCION DE TITULO
Título Plan de manejo ambiental
Parte restante del título guía minas subterraneas de carbón
260 ## - PUBLICACION, DISTRIBUCION, ETC. (PIE DE IMPRENTA)
Lugar de publicación, distribución, etc. Bogotá
Nombre del editor, distribuidor, etc. CAR
-- Gobernación de Cundinamarca
-- CINSET
Fecha de publicación, distribución, etc. 2001
300 ## - DESCRIPCION FISICA
Extensión 56 paginas.
Otros detalles físicos ilustraciones.;
Dimensiones 30 x 22 cm.
650 #4 - ASIENTO SECUNDARIO DE MATERIA - TERMINO TEMATICO
Término temático o nombre geográfico como elemento de entrada Impacto ambiental
650 #4 - ASIENTO SECUNDARIO DE MATERIA - TERMINO TEMATICO
Término temático o nombre geográfico como elemento de entrada minas subterraneas
942 ## - ELEMENTOS ADICIONALES (KOHA)
Tipo de ítem Libro
Sistema de clasificación Dewey Decimal Classification
945 ## - PROCESAMIENTO LOCAL
AAAA-MM-DD - Fecha de ingreso o modificacion 2004-08-12
Existencias
Withdrawn status Lost status Sistema de Clasificación Damaged status No para préstamo Colección Inventariado Ubicación Permanente Ubicación actual Fecha de adquisición Fuente de Valor Valor Total Checkouts Número topográfico Inventario / Código de Barras Date last seen Ejemplar Price effective from Forma de adquisición Tipo de material
    Local     Hemeroteca Inventariado 2017 Bogotá Bogotá 12/08/2004 Instituto 39000.00   FG-0438 016413 04/12/2012 Ej. 1 04/12/2012 Donación Folleto
    Local     Hemeroteca   Bogotá Bogotá 31/01/2020       FG-0438 034653 31/01/2020 Ej. 2 31/01/2020 Donación Folleto